| 000 | 01120nam a2200229Ia 4500 | ||
|---|---|---|---|
| 001 | 15477 | ||
| 005 | 20260407123746.0 | ||
| 008 | 260306t2012||||xx |||||||||||||| ||und|| | ||
| 041 | _aESP | ||
| 082 |
_a540.076 _bC254 |
||
| 100 |
_aCliment Olmedo, María José _eAUT |
||
| 245 | 0 |
_aQuímica para ingeniería: _bproblemas y prácticas |
|
| 260 | _c2012 | ||
| 300 |
_a239 páginas : _c24 cm. |
||
| 650 | _aGEN | ||
| 654 | _aCCN | ||
| 856 |
_uhttps://itmsp.museknowledge.com/UCSP?url=https://www.ebooks7-24.com:443/?il=10416&pg=1 _zVéase además: Introducción a la termodinámica en ingeniería química. Versión digital |
||
| 856 |
_uhttps://0u213vgxl-y-https-ebooks7--24-com.itmsp.museknowledge.com/biblioteca.aspx _zVéase además: Base de datos Ebook7-24 |
||
| 856 |
_uhttps://0u20fvgxr-y-https-research-ebsco-com.itmsp.museknowledge.com/c/qxo6us/search _zVéase además: Base de datos EBSCOhost |
||
| 856 |
_uhttps://0u21avgyu-y-https-go-gale-com.itmsp.museknowledge.com/ps/start.do?authCount=1&u=ucsp&p=IFME&aty=ip _zVéase además: Base de datos Gale OneFile Informe Académico |
||
| 942 |
_cLIB _dJUS _fJUS _2ddc |
||
| 999 |
_c15477 _d15477 |
||